| 000 | 01151 a2200277 4500 | ||
|---|---|---|---|
| 008 | 080821t xxu||||| |||| 00| 0 eng d | ||
| 010 | _aENG-85022 | ||
| 020 |
_a8173046247 _c850.00 |
||
| 035 | _aEN-68555 | ||
| 037 | _bD.B.Act / Pub | ||
| 082 | _a305.8 | ||
| 100 | _aWieland, Carsten. | ||
| 245 |
_aNation state by accident _bthe politicization of ethnic groups and the ethnicization of politics : Bosnia, India, Pakistan _cCarsten Wieland. |
||
| 250 | _a1st Eng. ed. | ||
| 260 |
_aNew Delhi _bManohar Publishers and Distributors _bPansy Books (Vendor) _c2006. |
||
| 300 |
_a445 p. _c22 cm. (Hb) |
||
| 500 | _aIncludes bibliographical references and index | ||
| 650 | _aNationalism. | ||
| 650 |
_aEthnicity _xPolitical aspects. |
||
| 650 |
_aMinorities _xPolitical activity. |
||
| 651 |
_aBosnia and Hercegovina _xEthnic relations. |
||
| 651 |
_aIndia _xEthnic relations. |
||
| 651 |
_aPakistan _xEthnic relations. |
||
| 942 |
_adpl _cEN _k305.8 / WIE _2ddc _h305.8 _m WIE |
||
| 999 |
_c923 _d923 |
||